[Event "SLO-chT2 East"]
[Site "Slovenia"]
[Date "2018.10.13"]
[Round "4"]
[White "Mastinsek, Marko"]
[Black "Majcenovic, Martin"]
[Result "1/2-1/2"]
[WhiteElo "1821"]
[BlackElo "1880"]
[PlyCount "48"]
[EventDate "2018.09.15"]
[EventType "team-tourn"]
[EventRounds "9"]
[EventCountry "SLO"]
[SourceTitle "EXT 2021"]
[Source "ChessBase"]
[SourceDate "2020.10.23"]
[SourceVersion "1"]
[SourceVersionDate "2020.10.23"]
[SourceQuality "1"]
[WhiteTeam "Gornja Radgona"]
[BlackTeam "Ptuj SD II"]
[WhiteTeamCountry "SLO"]
[BlackTeamCountry "SLO"]

1. e4 e6 2. d4 d5 3. e5 c5 4. c3 Nc6 5. Nf3 Qb6 6. a3 a5 7. Be2 Bd7 8. 0-0 a4 9. h3 g6 10. g4 Rc8 11. Kg2 Na5 12. Nbd2 Ne7 13. dxc5 Qxc5 14. Nd4 Nec6 15. N2f3 Qb6 16. Bb5 Nxe5 17. Bxd7+ Nxd7 18. Qxa4 Rc4 19. Qd1 Rc8 20. Qa4 Rc4 21. Qd1 Rc8 22. Qa4 Rc4 23. Qd1 Rc8 24. Qa4 Rc4 1/2-1/2

[Event "SLO-chT2 East"]
[Site "Slovenia"]
[Date "2017.12.09"]
[Round "9"]
[White "Cojhter, Karl"]
[Black "Majcenovic, Martin"]
[Result "1-0"]
[WhiteElo "1992"]
[BlackElo "1909"]
[PlyCount "71"]
[EventDate "2017.09.30"]
[EventType "team-tourn"]
[EventRounds "9"]
[EventCountry "SLO"]
[SourceTitle "EXT 2019"]
[Source "ChessBase"]
[SourceDate "2018.10.10"]
[SourceVersion "1"]
[SourceVersionDate "2018.10.10"]
[SourceQuality "1"]

1. e4 e6 2. d4 d5 3. Nc3 Nf6 4. Bg5 Be7 5. Bxf6 Bxf6 6. e5 Be7 7. Qg4 0-0 8. Bd3 c5 9. dxc5 Nc6 10. Nf3 f6 11. Qh5 f5 12. 0-0 Bd7 13. Rad1 Qa5 14. g4 g6 15. Qh6 Qxc5 16. gxf5 exf5 17. Rfe1 Be6 18. Nb5 Nb4 19. Nd6 Nxd3 20. cxd3 Qb4 21. h3 Rfd8 22. Ng5 Bxg5 23. Qxg5 d4 24. Qe7 Bxa2 25. Ra1 Bd5 26. Rec1 Re8 27. Qf6 Rf8 28. Qh4 Bc6 29. Nc4 Rac8 30. Rxa7 Qc5 31. Raa1 Qd5 32. Kf1 Qf3 33. Ke1 Bd5 34. Qxd4 Ra8 35. Nd6 Be6 36. Qe3 1-0

[Event "SLO-chT2 East"]
[Site "Slovenia"]
[Date "2017.10.21"]
[Round "5"]
[White "Majcenovic, Martin"]
[Black "Koracin, Alojz"]
[Result "1-0"]
[WhiteElo "1909"]
[BlackElo "1708"]
[PlyCount "116"]
[EventDate "2017.09.30"]
[EventType "team-tourn"]
[EventRounds "9"]
[EventCountry "SLO"]
[SourceTitle "EXT 2019"]
[Source "ChessBase"]
[SourceDate "2018.10.10"]
[SourceVersion "1"]
[SourceVersionDate "2018.10.10"]
[SourceQuality "1"]

1. d4 c6 2. Nf3 d6 3. e4 g6 4. Bd3 Bg7 5. c3 Nd7 6. 0-0 Ngf6 7. h3 0-0 8. Be3 e5 9. dxe5 Nxe5 10. Nxe5 dxe5 11. Qe2 Nh5 12. Rd1 Qe7 13. Nd2 Be6 14. Bc4 b6 15. a4 Rfd8 16. a5 b5 17. Bxe6 Qxe6 18. Nf3 Re8 19. Qc2 Nf4 20. Qd2 Qc4 21. Qc2 Bf8 22. Rd7 Bc5 23. Bxc5 Qxc5 24. Qd2 Nh5 25. Qd6 Qxd6 26. Rxd6 c5 27. Rad1 Nf4 28. a6 c4 29. Rd7 Nd3 30. b3 Re6 31. bxc4 bxc4 32. Ra1 Nc5 33. Rc7 Rxa6 34. Rxa6 Nxa6 35. Rc6 Nb8 36. Rc8+ Kg7 37. Nxe5 a5 38. Nxc4 a4 39. Na3 Kf6 40. f4 Ke6 41. c4 h5 42. c5 Kd7 43. Rf8 Kc6 44. Rc8+ Kb7 45. Rf8 Kc6 46. Rxf7 Kxc5 47. Rb7 Kc6 48. Rb4 Nd7 49. e5 Nc5 50. g4 hxg4 51. hxg4 Nd3 52. Rc4+ Kd5 53. Kg2 Nc5 54. Rb4 Nd3 55. Rc4 Rf8 56. Kg3 Ra8 57. Kh4 Nb2 58. Rb4 Nd3 1-0

[Event "SLO-chT2 East"]
[Site "Slovenia"]
[Date "2015.11.21"]
[Round "9"]
[White "Ivekovic, Mario"]
[Black "Majcenovic, Martin"]
[Result "1/2-1/2"]
[WhiteElo "2201"]
[BlackElo "1943"]
[PlyCount "84"]
[EventDate "2015.09.05"]
[EventType "team-tourn"]
[EventRounds "9"]
[EventCountry "SLO"]
[SourceTitle "EXT 2019"]
[Source "ChessBase"]
[SourceDate "2018.10.10"]
[SourceVersion "1"]
[SourceVersionDate "2018.10.10"]
[SourceQuality "1"]
[WhiteTeam "Brezice"]
[BlackTeam "Ptuj II"]
[WhiteTeamCountry "SLO"]
[BlackTeamCountry "SLO"]

1. e4 e6 2. d3 d5 3. Nd2 Nd7 4. Ngf3 b6 5. exd5 exd5 6. Qe2+ Qe7 7. Nd4 Bb7 8. Nb5 Kd8 9. Qxe7+ Bxe7 10. Nf3 a6 11. Nc3 Bd6 12. Be2 h6 13. 0-0 Ne7 14. d4 c6 15. Re1 Kc7 16. Bd3 Rae8 17. Bd2 Nc8 18. Ne2 g6 19. Ng3 Kd8 20. c3 Ne7 21. Ne5 Bxe5 22. dxe5 Nf8 23. f4 Bc8 24. c4 h5 25. cxd5 Nxd5 26. Bc4 a5 27. Ne4 Be6 28. Bxd5 Bxd5 29. Nf6 Re7 30. Be3 Kc7 31. Nxd5+ cxd5 32. Red1 Rd7 33. g3 Ne6 34. Bd4 Kb7 35. Rac1 Rc7 36. Rxc7+ Kxc7 37. Kf2 Kb7 38. Bc3 Rd8 39. Ke3 Ng7 40. Kd3 Ne6 41. Ke3 Ng7 42. Kd3 Ne6 1/2-1/2

[Event "SLO-chT2 East"]
[Site "Slovenia"]
[Date "2015.10.10"]
[Round "4"]
[White "Majcenovic, Martin"]
[Black "Kovac, Mihec"]
[Result "1-0"]
[WhiteElo "1943"]
[BlackElo "1830"]
[PlyCount "123"]
[EventDate "2015.09.05"]
[EventType "team-tourn"]
[EventRounds "9"]
[EventCountry "SLO"]
[SourceTitle "EXT 2019"]
[Source "ChessBase"]
[SourceDate "2018.10.10"]
[SourceVersion "1"]
[SourceVersionDate "2018.10.10"]
[SourceQuality "1"]
[WhiteTeam "Ptuj II"]
[BlackTeam "Dravograd"]
[WhiteTeamCountry "SLO"]
[BlackTeamCountry "SLO"]

1. d4 Nf6 2. c4 e6 3. Nf3 b6 4. g3 Bb7 5. Bg2 Be7 6. Nc3 0-0 7. 0-0 d6 8. Re1 Ne4 9. Qc2 Nxc3 10. Qxc3 Nd7 11. Qd3 Nf6 12. b3 h6 13. Bb2 Be4 14. Qc3 Rc8 15. Nd2 Bxg2 16. Kxg2 c6 17. e4 d5 18. Rad1 dxe4 19. a3 a6 20. b4 b5 21. Nxe4 Nxe4 22. Rxe4 Bf6 23. Ree1 Qb6 24. Rd2 Rfd8 25. Rc1 Qb7 26. Qf3 Qd7 27. Rdc2 Bg5 28. Re1 bxc4 29. Rxc4 Qd5 30. Rc5 Qxf3+ 31. Kxf3 Rd5 32. Re2 Rxc5 33. dxc5 Rd8 34. h4 Be7 35. Ke3 Rd5 36. Rd2 Rxd2 37. Kxd2 f6 38. Kd3 Kf7 39. Kc4 e5 40. a4 Ke6 41. b5 axb5+ 42. axb5 cxb5+ 43. Kxb5 Kd7 44. Kb6 Kc8 45. Kc6 Bf8 46. Bc3 Be7 47. Kd5 Bd8 48. Ke6 Bc7 49. h5 e4 50. Kf5 e3 51. fxe3 Bxg3 52. Kg6 Bf2 53. Bd2 Bh4 54. Bc3 Bg5 55. Bd4 Kd7 56. e4 Ke6 57. Kxg7 Ke7 58. Kg6 Ke6 59. c6 Kd6 60. Bxf6 Bd2 61. Bg7 Kxc6 62. Bxh6 1-0

[Event "SLO-chT2 East"]
[Site "Slovenia"]
[Date "2014.10.25"]
[Round "6"]
[White "Majcenovic, Martin"]
[Black "Lipovsek, Miran"]
[Result "0-1"]
[WhiteElo "1954"]
[BlackElo "2032"]
[PlyCount "68"]
[EventDate "2014.09.13"]
[EventType "team-tourn"]
[EventRounds "9"]
[EventCountry "SLO"]
[SourceTitle "EXT 2019"]
[Source "ChessBase"]
[SourceDate "2018.10.10"]
[SourceVersion "1"]
[SourceVersionDate "2018.10.10"]
[SourceQuality "1"]
[WhiteTeam "Ptuj II"]
[BlackTeam "Fram"]
[WhiteTeamCountry "SLO"]
[BlackTeamCountry "SLO"]

1. d4 d5 2. c4 e6 3. Nc3 c5 4. e3 Nf6 5. Nf3 Nc6 6. a3 a5 7. b3 Be7 8. Bb2 0-0 9. dxc5 Bxc5 10. Be2 b6 11. 0-0 Bb7 12. Na4 Ne4 13. Qc2 Rc8 14. Bd3 Ng5 15. Nxg5 Qxg5 16. Nxc5 bxc5 17. Bxh7+ Kh8 18. f4 Qh5 19. Rf3 Qxh7 20. Rh3 Qxh3 21. gxh3 d4 22. Kf2 Rcd8 23. Rg1 Ne7 24. exd4 cxd4 25. Qd2 Nf5 26. Qxa5 f6 27. Qb6 Bc8 28. Qc5 e5 29. fxe5 fxe5 30. Qxe5 Rde8 31. Qc7 Nd6+ 32. Kg3 Re3+ 33. Kh4 Rxh3+ 34. Kg5 Ne4+ 0-1

[Event "SLO-chT2 East"]
[Site "Slovenia"]
[Date "2014.10.25"]
[Round "7"]
[White "Vadlja, Branko"]
[Black "Majcenovic, Martin"]
[Result "1/2-1/2"]
[WhiteElo "1958"]
[BlackElo "1954"]
[PlyCount "35"]
[EventDate "2014.09.13"]
[EventType "team-tourn"]
[EventRounds "9"]
[EventCountry "SLO"]
[SourceTitle "EXT 2019"]
[Source "ChessBase"]
[SourceDate "2018.10.10"]
[SourceVersion "1"]
[SourceVersionDate "2018.10.10"]
[SourceQuality "1"]
[WhiteTeam "Maribor ZSK III"]
[BlackTeam "Ptuj II"]
[WhiteTeamCountry "SLO"]
[BlackTeamCountry "SLO"]

1. c4 e6 2. Nc3 Nf6 3. d4 d5 4. e3 Bb4 5. Bd2 c6 6. Bd3 Nbd7 7. Nf3 dxc4 8. Bxc4 b5 9. Be2 Bb7 10. 0-0 0-0 11. a3 Bxc3 12. Bxc3 a6 13. Rc1 Rc8 14. Bb4 Re8 15. Qd2 h6 16. Ba5 Qe7 17. Bb4 Qd8 18. Ba5 1/2-1/2

[Event "SLO-chT2 East"]
[Site "Slovenia"]
[Date "2013.12.09"]
[Round "8"]
[White "Majcenovic, Martin"]
[Black "Gaber, Jozsef"]
[Result "1-0"]
[WhiteElo "1967"]
[BlackElo "2035"]
[PlyCount "47"]
[EventDate "2013.09.07"]
[EventType "team-tourn"]
[EventRounds "9"]
[EventCountry "SLO"]
[SourceTitle "EXT 2015"]
[Source "ChessBase"]
[SourceDate "2014.11.20"]
[SourceVersion "1"]
[SourceVersionDate "2014.11.20"]
[SourceQuality "1"]

1. d4 Nf6 2. c4 e6 3. Nc3 d5 4. Nf3 c6 5. e3 Nbd7 6. a3 b6 7. cxd5 exd5 8. Bd3 Bd6 9. 0-0 0-0 10. Re1 c5 11. e4 cxd4 12. Nxd4 Bb7 13. exd5 Ne5 14. Be4 h6 15. Nf5 Bc8 16. Nxd6 Qxd6 17. f3 Bb7 18. Bf4 Qc5+ 19. Be3 Qd6 20. Qe2 Rac8 21. Nb5 Qd7 22. Nxa7 Ra8 23. Bxb6 Rfe8 24. Qb5 1-0

[Event "SLO-chT2 East"]
[Site "Slovenia"]
[Date "2013.11.16"]
[Round "6"]
[White "Majcenovic, Martin"]
[Black "Grah, Matej"]
[Result "0-1"]
[WhiteElo "1967"]
[BlackElo "1788"]
[PlyCount "126"]
[EventDate "2013.09.07"]
[EventType "team-tourn"]
[EventRounds "9"]
[EventCountry "SLO"]
[SourceTitle "EXT 2015"]
[Source "ChessBase"]
[SourceDate "2014.11.20"]
[SourceVersion "1"]
[SourceVersionDate "2014.11.20"]
[SourceQuality "1"]

1. d4 d5 2. c4 c6 3. Nc3 Nf6 4. Nf3 g6 5. g3 Bg7 6. Bg2 0-0 7. 0-0 dxc4 8. a4 Bf5 9. Re1 Na6 10. e4 Bg4 11. h3 Bxf3 12. Bxf3 Nb4 13. Be3 Nd3 14. Re2 Qd7 15. Kg2 Ne8 16. e5 Rd8 17. b3 c5 18. bxc4 cxd4 19. Qxd3 dxe3 20. Qxe3 Qd4 21. Rb1 Qxc4 22. Rd1 Rxd1 23. Nxd1 b6 24. Nc3 Nc7 25. Rd2 Bh6 26. Qd4 Qb3 27. Rd3 Ne6 28. Qd5 Qb4 29. Qb5 Qxb5 30. axb5 Nc5 31. Rd1 e6 32. Ne4 Rc8 33. Nf6+ Kg7 34. Be2 Bg5 35. Nd7 Ne4 36. f4 Be7 37. Kf3 Nc3 38. Rc1 Rc7 39. Nb8 Rc5 40. Ra1 Nxe2 41. Rxa7 Nxf4 42. Rxe7 Nd5 43. Rb7 Rxb5 44. Nc6 Rc5 45. Nd8 Rc7 46. Rb8 g5 47. Nb7 f5 48. Nd6 Kg6 49. Re8 Re7 50. Rb8 Rg7 51. Rd8 Ne7 52. Rb8 Nc6 53. Rxb6 Nxe5+ 54. Kg2 Rd7 55. Kf2 h5 56. Kg2 g4 57. h4 Rc7 58. Ne8 Rc6 59. Rb7 Nf7 60. Kf2 e5 61. Nc7 Nd6 62. Nd5 Rc2+ 63. Ke1 Nxb7 0-1

[Event "SLO-chT2 East"]
[Site "Slovenia"]
[Date "2013.10.26"]
[Round "5"]
[White "Majcenovic, Martin"]
[Black "Marguc, Franc"]
[Result "1-0"]
[WhiteElo "1967"]
[BlackElo "1887"]
[PlyCount "49"]
[EventDate "2013.09.07"]
[EventType "team-tourn"]
[EventRounds "9"]
[EventCountry "SLO"]
[SourceTitle "EXT 2015"]
[Source "ChessBase"]
[SourceDate "2014.11.20"]
[SourceVersion "1"]
[SourceVersionDate "2014.11.20"]
[SourceQuality "1"]

1. d4 d5 2. c4 e6 3. Nc3 Nf6 4. Bg5 Nbd7 5. e3 c6 6. cxd5 cxd5 7. Bd3 Be7 8. Nf3 0-0 9. Qc2 Re8 10. 0-0 Nf8 11. a3 Nh5 12. Bxe7 Qxe7 13. b4 a6 14. Na4 Nf6 15. Nb6 Rb8 16. Ne5 N8d7 17. Nexd7 Bxd7 18. Rfc1 h6 19. Na4 Bc6 20. Nc5 Nd7 21. Rab1 Nf6 22. a4 Rec8 23. h3 Rd8 24. b5 axb5 25. axb5 1-0

[Event "Ptuj op 6th"]
[Site "Ptuj"]
[Date "2011.08.13"]
[Round "2"]
[White "Skvorc, Emanuel"]
[Black "Majcenovic, Martin"]
[Result "0-1"]
[WhiteElo "1780"]
[BlackElo "2019"]
[PlyCount "132"]
[EventDate "2011.08.12"]
[EventType "swiss"]
[EventRounds "9"]
[EventCountry "SLO"]
[SourceTitle "CBM 143 Extra"]
[Source "ChessBase"]
[SourceDate "2011.08.29"]
[SourceVersion "1"]
[SourceVersionDate "2011.08.29"]
[SourceQuality "1"]

1. e4 e6 2. d4 d5 3. Nc3 Nf6 4. e5 Nfd7 5. f4 c5 6. Nf3 Nc6 7. Be3 cxd4 8. Nxd4 Nxd4 9. Bxd4 a6 10. Be2 Bc5 11. Qd2 b5 12. 0-0 Qb6 13. Rad1 0-0 14. Kh1 Bxd4 15. Qxd4 Qxd4 16. Rxd4 Bb7 17. Bg4 g6 18. a4 Bc6 19. Be2 Rfb8 20. axb5 axb5 21. Rb4 Ra5 22. Nb1 Ra4 23. Rb3 Nc5 24. Rc3 Rc4 25. Bxc4 bxc4 26. b3 Ne4 27. Rh3 Bb5 28. Nc3 cxb3 29. Nxb5 Rxb5 30. Rxb3 Rc5 31. Rb2 h5 32. g3 Kg7 33. Kg2 Nd2 34. Ra1 Rc7 35. Ra8 f6 36. Rab8 fxe5 37. fxe5 Kh6 38. h4 Ne4 39. R2b7 Rxc2+ 40. Kf3 g5 41. Rh8+ Kg6 42. Rg8+ Kf5 43. Rf7+ Kxe5 44. Rxg5+ Nxg5+ 45. hxg5 Rc3+ 46. Kf2 Rc8 47. g6 Rg8 48. g7 Kd4 49. Kf3 e5 50. Re7 e4+ 51. Kf4 Kd3 52. Re5 d4 53. Rxe4 Rxg7 54. Re5 Rf7+ 55. Kg5 Rg7+ 56. Kxh5 Rxg3 57. Kh4 Rg8 58. Rd5 Ke4 59. Rd7 d3 60. Re7+ Kf4 61. Rf7+ Ke3 62. Re7+ Kd2 63. Rd7 Ke2 64. Re7+ Kd1 65. Rd7 d2 66. Kh3 Rc8 0-1

[Event "SLO-chT2 Ost"]
[Site "Slovenia"]
[Date "2010.05.29"]
[Round "1"]
[White "Zugaj, Fjodor"]
[Black "Majcenovic, Martin"]
[Result "1-0"]
[WhiteElo "2206"]
[BlackElo "2019"]
[PlyCount "87"]
[EventDate "2010.05.29"]
[EventType "team-tourn"]
[EventRounds "9"]
[EventCountry "SLO"]
[SourceTitle "EXT 2022"]
[Source "ChessBase"]
[SourceDate "2021.10.06"]
[SourceVersion "1"]
[SourceVersionDate "2021.10.06"]
[SourceQuality "1"]

1. e4 e6 2. d3 d5 3. Nd2 Nf6 4. g3 b6 5. Bg2 Bb7 6. Qe2 Be7 7. Ngf3 0-0 8. 0-0 dxe4 9. dxe4 Ba6 10. Nc4 Nbd7 11. Rd1 Qc8 12. Bg5 h6 13. Bxf6 Nxf6 14. e5 Nd5 15. Nfd2 Rb8 16. h4 Rd8 17. Be4 Bb7 18. c3 a5 19. a4 Bc5 20. Qf3 f5 21. exf6 Nxf6 22. Bxb7 Qxb7 23. Qxb7 Rxb7 24. Nb3 Be7 25. Rxd8+ Bxd8 26. Nd4 Be7 27. Re1 Ng4 28. Nxe6 c6 29. Kg2 Rd7 30. Re2 Rb7 31. Nd4 Bc5 32. Nxc6 Rf7 33. f3 Nf6 34. b4 axb4 35. cxb4 Rc7 36. b5 Rd7 37. Rd2 Nd5 38. f4 Ne3+ 39. Kf3 Rxd2 40. Nxd2 Nd5 41. Ne4 Nb4 42. Nxc5 bxc5 43. Nxb4 cxb4 44. b6 1-0

[Event "SLO-chT2 Ost"]
[Site "Maribor"]
[Date "2009.11.14"]
[Round "9"]
[White "Brdnik, Roman"]
[Black "Majcenovic, Martin"]
[Result "1/2-1/2"]
[WhiteElo "1867"]
[BlackElo "2025"]
[PlyCount "47"]
[EventDate "2009.05.30"]
[EventType "team-tourn"]
[EventRounds "9"]
[EventCountry "SLO"]
[SourceTitle "EXT 2022"]
[Source "ChessBase"]
[SourceDate "2021.10.06"]
[SourceVersion "1"]
[SourceVersionDate "2021.10.06"]
[SourceQuality "1"]

1. d4 d5 2. c4 e6 3. Nc3 Nf6 4. e3 c6 5. Nf3 Nbd7 6. a3 Bd6 7. Bd3 Qe7 8. b4 a5 9. c5 Bc7 10. Bb2 e5 11. dxe5 Nxe5 12. Nd4 axb4 13. axb4 Rxa1 14. Bxa1 b6 15. Na4 bxc5 16. Nxc5 Bd6 17. Ndb3 0-0 18. h3 Bd7 19. 0-0 Rb8 20. Bc3 Bc8 21. Re1 Nxd3 22. Qxd3 Be5 23. Nd4 Bxd4 24. Qxd4 1/2-1/2

[Event "SLO-chT2 Ost"]
[Site "Maribor"]
[Date "2009.09.05"]
[Round "5"]
[White "Majcenovic, Martin"]
[Black "Harnik, Ivan"]
[Result "0-1"]
[WhiteElo "2025"]
[BlackElo "1938"]
[PlyCount "82"]
[EventDate "2009.05.30"]
[EventType "team-tourn"]
[EventRounds "9"]
[EventCountry "SLO"]
[SourceTitle "EXT 2022"]
[Source "ChessBase"]
[SourceDate "2021.10.06"]
[SourceVersion "1"]
[SourceVersionDate "2021.10.06"]
[SourceQuality "1"]

1. d4 d5 2. c4 c6 3. Nc3 Nf6 4. Nf3 e6 5. e3 Be7 6. Bd3 0-0 7. 0-0 dxc4 8. Bxc4 b5 9. Be2 Bb7 10. b3 a6 11. Bb2 Nbd7 12. Qd3 Qb6 13. Nd2 c5 14. Bf3 Rfd8 15. Bxb7 Qxb7 16. dxc5 Nxc5 17. Qe2 Nd3 18. Nf3 Rac8 19. Rad1 Nxb2 20. Qxb2 Ne4 21. Nxe4 Qxe4 22. Rc1 h5 23. Rxc8 Rxc8 24. Rc1 Rd8 25. h3 g5 26. Qc2 Qd5 27. Qc6 g4 28. Qxd5 Rxd5 29. hxg4 hxg4 30. Nd4 Bc5 31. Ne2 Rd2 32. Ng3 Be7 33. a4 Rb2 34. axb5 axb5 35. Rc3 Rb1+ 36. Kh2 Bd6 37. Rd3 Be5 38. f4 gxf3 39. gxf3 b4 40. f4 Bc3 41. Ne4 Rxb3 0-1

[Event "Ptuj op"]
[Site "Ptuj"]
[Date "2009.08.04"]
[Round "3"]
[White "Janzekovic, Klemen Tilen"]
[Black "Majcenovic, Martin"]
[Result "1/2-1/2"]
[WhiteElo "1844"]
[BlackElo "2025"]
[PlyCount "88"]
[EventDate "2009.08.02"]
[EventType "swiss"]
[EventRounds "9"]
[EventCountry "SLO"]
[SourceTitle "CBM 131 Extra"]
[Source "ChessBase"]
[SourceDate "2009.09.03"]
[SourceVersion "2"]
[SourceVersionDate "2009.09.16"]
[SourceQuality "1"]

1. e4 e6 2. d4 d5 3. Nc3 Nf6 4. Bg5 Be7 5. e5 Nfd7 6. Bxe7 Qxe7 7. f4 a6 8. Nf3 c5 9. Qd2 Nc6 10. 0-0-0 b5 11. dxc5 Bb7 12. Nd4 Nxd4 13. Qxd4 Qxc5 14. Qxc5 Nxc5 15. Be2 b4 16. Nb1 Ne4 17. Rd4 a5 18. Nd2 Nxd2 19. Kxd2 Ke7 20. Ra1 Bc6 21. g4 f6 22. Rf1 Rhf8 23. Ke3 h6 24. h4 fxe5 25. fxe5 Rxf1 26. Bxf1 g5 27. Be2 Rf8 28. h5 Rc8 29. Rd1 Ba4 30. Bd3 Rf8 31. b3 Bd7 32. Rf1 Rxf1 33. Bxf1 Kd8 34. Kd4 Kc7 35. Kc5 Bc6 36. Be2 Bd7 37. Bf1 Bc6 38. Bd3 Bd7 39. Bg6 Bc6 40. Bd3 Bd7 41. Ba6 Bc6 42. Kd4 Bd7 43. Kc5 Bc6 44. Bb5 Bb7 1/2-1/2

[Event "Ptuj op"]
[Site "Ptuj"]
[Date "2009.08.04"]
[Round "4"]
[White "Podkriznik, Aleksander"]
[Black "Majcenovic, Martin"]
[Result "1/2-1/2"]
[WhiteElo "1796"]
[BlackElo "2025"]
[PlyCount "108"]
[EventDate "2009.08.02"]
[EventType "swiss"]
[EventRounds "9"]
[EventCountry "SLO"]
[SourceTitle "CBM 131 Extra"]
[Source "ChessBase"]
[SourceDate "2009.09.03"]
[SourceVersion "2"]
[SourceVersionDate "2009.09.16"]
[SourceQuality "1"]

1. e4 e6 2. d4 d5 3. Nd2 c5 4. exd5 exd5 5. Ngf3 Nc6 6. Bb5 Be6 7. 0-0 a6 8. Bxc6+ bxc6 9. Re1 h6 10. dxc5 Bxc5 11. Nb3 Be7 12. Nbd4 Bd7 13. Qe2 c5 14. Nb3 Be6 15. Bf4 Nf6 16. Ne5 0-0 17. Rad1 Qb6 18. c3 a5 19. Nc1 a4 20. h3 c4 21. Be3 Bc5 22. Bxc5 Qxc5 23. Qe3 Qxe3 24. Rxe3 Rfb8 25. Re2 Rb7 26. Nc6 a3 27. Nb4 axb2 28. Rxb2 Ne4 29. Ne2 Rab8 30. a3 Ra8 31. f3 Nc5 32. Ra2 Rba7 33. Kf1 Rxa3 34. Rxa3 Rxa3 35. Nxd5 Bxd5 36. Rxd5 Ra1+ 37. Kf2 Nd3+ 38. Ke3 Ra2 39. g3 Rc2 40. f4 Nb2 41. Rd8+ Kh7 42. Rd2 Rxd2 43. Kxd2 Kg6 44. Ke3 h5 45. Kd4 Kf5 46. Kd5 g5 47. Nd4+ Kf6 48. fxg5+ Kxg5 49. Nf3+ Kf5 50. Nd2 h4 51. gxh4 Kg6 52. Nxc4 Na4 53. Kd4 Kh5 54. Ne5 Nxc3 1/2-1/2

[Event "SLO-chT2 Ost"]
[Site "Maribor"]
[Date "2009.06.06"]
[Round "3"]
[White "Rokvic, Vlado"]
[Black "Majcenovic, Martin"]
[Result "1/2-1/2"]
[WhiteElo "1949"]
[BlackElo "2025"]
[PlyCount "25"]
[EventDate "2009.05.30"]
[EventType "team-tourn"]
[EventRounds "9"]
[EventCountry "SLO"]
[SourceTitle "EXT 2022"]
[Source "ChessBase"]
[SourceDate "2021.10.06"]
[SourceVersion "1"]
[SourceVersionDate "2021.10.06"]
[SourceQuality "1"]

1. e4 e6 2. d4 d5 3. Nd2 c5 4. exd5 exd5 5. dxc5 Bxc5 6. Nb3 Bb6 7. Nf3 Ne7 8. c3 0-0 9. Bd3 Bf5 10. Bxf5 Nxf5 11. 0-0 Nc6 12. Qd3 Qd7 13. Bf4 1/2-1/2

[Event "SLO-chT2 Ost"]
[Site "Maribor"]
[Date "2009.05.30"]
[Round "1"]
[White "Majcenovic, Martin"]
[Black "Tolic, Mato"]
[Result "1-0"]
[WhiteElo "2025"]
[BlackElo "2050"]
[PlyCount "103"]
[EventDate "2009.05.30"]
[EventType "team-tourn"]
[EventRounds "9"]
[EventCountry "SLO"]
[SourceTitle "EXT 2022"]
[Source "ChessBase"]
[SourceDate "2021.10.06"]
[SourceVersion "1"]
[SourceVersionDate "2021.10.06"]
[SourceQuality "1"]

1. d4 d5 2. c4 e6 3. Nc3 Nf6 4. Nf3 c5 5. cxd5 exd5 6. Bg5 Be6 7. e3 Nc6 8. Bb5 Be7 9. Qa4 Qb6 10. 0-0 0-0 11. dxc5 Qxc5 12. Rac1 Qb6 13. Rfd1 a6 14. Bxc6 bxc6 15. Qc2 Bg4 16. Na4 Qa5 17. a3 Bxf3 18. gxf3 d4 19. Nc5 dxe3 20. fxe3 Rfe8 21. e4 Rab8 22. Rd3 Qb5 23. Rd2 Red8 24. Rxd8+ Rxd8 25. b4 a5 26. Qc4 Qb6 27. Kg2 axb4 28. axb4 Qb8 29. Na6 Qe5 30. Be3 Bd6 31. f4 Qh5 32. h3 Qg6+ 33. Kf3 Qh5+ 34. Kg2 Qh4 35. e5 Nd5 36. Qe4 Be7 37. Qf3 Qh6 38. Bd2 Ra8 39. b5 cxb5 40. Qxd5 Qxa6 41. Rc7 Kf8 42. Qd7 Re8 43. Kf3 Qe6 44. Qxe6 fxe6 45. Rb7 Rd8 46. Ba5 Rd3+ 47. Kg4 Rb3 48. Bc7 Kf7 49. Bd6 h5+ 50. Kxh5 Rxh3+ 51. Kg4 Rb3 52. Rxe7+ 1-0

[Event "SLO-chT2 East"]
[Site "Brezice Maribor"]
[Date "2008.10.18"]
[Round "8"]
[White "Majcenovic, Martin"]
[Black "Bezjak, Janez"]
[Result "1/2-1/2"]
[WhiteElo "1979"]
[BlackElo "2146"]
[PlyCount "25"]
[EventDate "2008.10.24"]
[EventType "team-tourn"]
[EventRounds "9"]
[EventCountry "SLO"]
[SourceTitle "EXT 2010"]
[Source "ChessBase"]
[SourceDate "2010.11.25"]
[SourceVersion "1"]
[SourceVersionDate "2010.11.25"]
[SourceQuality "1"]

1. d4 Nf6 2. c4 e5 3. dxe5 Ng4 4. Nf3 Nc6 5. e3 Bb4+ 6. Bd2 Bxd2+ 7. Qxd2 0-0 8. Be2 Ngxe5 9. 0-0 d6 10. Nc3 Be6 11. b3 Qe7 12. Nd4 Nxd4 13. exd4 1/2-1/2

[Event "SLO-chT2 East"]
[Site "Brezice Maribor"]
[Date "2008.09.13"]
[Round "5"]
[White "Ivekovic, Zvonimir"]
[Black "Majcenovic, Martin"]
[Result "1-0"]
[WhiteElo "2139"]
[BlackElo "1979"]
[PlyCount "57"]
[EventDate "2008.10.24"]
[EventType "team-tourn"]
[EventRounds "9"]
[EventCountry "SLO"]
[SourceTitle "EXT 2010"]
[Source "ChessBase"]
[SourceDate "2010.11.25"]
[SourceVersion "1"]
[SourceVersionDate "2010.11.25"]
[SourceQuality "1"]

1. e4 e6 2. d4 d5 3. Nc3 Nf6 4. Bg5 dxe4 5. Bxf6 gxf6 6. Nxe4 f5 7. Nc3 Bg7 8. Nf3 0-0 9. Qd3 c5 10. 0-0-0 cxd4 11. Nxd4 Bxd4 12. Qxd4 Qxd4 13. Rxd4 Nc6 14. Rh4 Bd7 15. g4 fxg4 16. h3 gxh3 17. Ne4 Rfd8 18. R4xh3 Kf8 19. Rxh7 Ke7 20. Ng5 Be8 21. Bc4 Rd6 22. f4 Rc8 23. f5 Nd4 24. Bxe6 Rxc2+ 25. Kb1 Rb6 26. b3 Rf2 27. Bxf7 Ne2 28. Be6+ Kf8 29. Rc7 1-0